Most Common 4-Digit PIN Codes - Statistics

General Stats
  • This quiz has been taken 63 times
  • The average score is 14 of 20
Answer Stats
Answer % Correct
1234
98%
0000
97%
1111
97%
2222
95%
3333
95%
4444
95%
5555
93%
6666
93%
7777
93%
8888
93%
9999
93%
4321
75%
1010
69%
2000
54%
1212
52%
1122
38%
1313
31%
2001
30%
6969
25%
1004
2%
No matching quizzes found
Score Distribution
Percent of People with Each Score
Percentile by Number Answered
Your Score History
You have not taken this quiz